The twentieth meeting of the Permanent International Altaistic Conference (P.I.A.C.)

Elmentve itt :
Bibliográfiai részletek
Szerző: Sárközi Alice
Dokumentumtípus: Cikk
Megjelent: Akadémiai Kiadó Budapest 1978
Sorozat:Acta Orientalia Academiae Scientiarum Hungaricae;Acta Orientalia Academiae Scientiarum Hungaricae : a Magyar Tudományos Akadémia orientalisztikai közleményei
Kulcsszavak:Altajisztika
Tárgyszavak:
Online Access:http://misc.bibl.u-szeged.hu/64625
LEADER 00938nab a2200229 i 4500
001 misc64625
005 20240524085026.0
008 240226s1978 hu o 000 eng d
040 |a SZTE Miscellanea Repozitórium  |b hun 
041 |a eng 
100 1 |a Sárközi Alice 
245 1 4 |a The twentieth meeting of the Permanent International Altaistic Conference (P.I.A.C.)  |h [elektronikus dokumentum] /  |c  Sárközi Alice 
260 |a Akadémiai Kiadó  |b Budapest  |c 1978 
300 |a 113-114  |c 24 cm 
300 |a [2] p.  |c 24 cm 
490 0 |a Acta Orientalia Academiae Scientiarum Hungaricae;Acta Orientalia Academiae Scientiarum Hungaricae : a Magyar Tudományos Akadémia orientalisztikai közleményei 
561 |a Németh Gyula hagyaték 
591 |a NOA 5310 
650 4 |a Bölcsészettudományok 
650 4 |a Nyelvek és irodalom 
695 |a Altajisztika 
856 4 0 |u http://misc.bibl.u-szeged.hu/64625/1/5310_noa.pdf  |z Dokumentum-elérés